000 00694nam a2200229Ii 4500
003 JO-AjNU
008 230605s9999||||xx |||||||||||||| ||und||
017 _a2006/1/142
020 _a9957-38-061-3
040 _aJO-AjNU
_bara
_erda
_cJO-AjNU
041 _aara
050 1 4 _aLB1591.A2882 2006
100 3 _aأبو شعيرة،خالد,
_eauthor
_911066
245 0 0 _aالمدخل إلى التربية الفنية
250 _aط1
264 3 1 _aعمان:دار جرير،2006
300 _a271ص
336 _atext
_btxt
_2rdacontent
337 _aunmediated
_bn
_2rdamedia
338 _avolume
_bnc
_2rdacarrier
650 4 _a التربية الفنية-دراسة وتعليم
_911067
999 _aA2130
_c5698
_d5698